[Event "Moscow Tal Memorial 3rd"]
[Site "Moscow"]
[Date "2008.08.24"]
[Round "6"]
[White "Mamedyarov, Shakhriyar"]
[Black "Gelfand, Boris"]
[Result "0-1"]
[WhiteElo "2742"]
[BlackElo "2720"]
[Annotator "Gelfand,B"]
[PlyCount "74"]
[EventDate "2008.08.18"]
[EventType "tourn"]
[EventRounds "9"]
[EventCountry "RUS"]
[EventCategory "20"]
[SourceTitle "CBM 126"]
[Source "ChessBase"]
[SourceDate "2008.10.01"]
[SourceVersion "1"]
[SourceVersionDate "2008.10.01"]
[SourceQuality "1"]

1. d4 d5 2. c4 c6 3. Nc3 Nf6 4. Nf3 e6 5. Bg5 {So this time we have a
theoretical discussion in a fashionable anti-Moscow variation} (5. e3 Nbd7 6.
Bd3 dxc4 7. Bxc4 b5 8. Bd3 Bb7 {In first 2 memorials we had drawn with
Mamedyarov 2 theoretically important games in Meran variation}) 5... h6 6. Bh4
dxc4 7. e4 g5 8. Bg3 b5 9. Be2 Bb7 10. e5 {A rare plan, which however was
played in some memorable games. Nowadays White mostly tries to attack with N
on e5 e.g 9.Ne5 or 9.Be2 Bb7 10.0-0 Nbd7 11.Ne5 or 9.Be2 Bb7 10.h4 g4 11.Ne5.}
Nd5 (10... Nh5 {This retreat went out of fashion after the spectacular game
Kramnik,V-Anand,V} 11. a4 $1 a6 (11... b4 $142 12. Ne4 c5 {Kasparov,G}) 12.
Nxg5 $1 Nxg3 13. Nxf7 Kxf7 14. fxg3 {White's attack looks very dangerous, but
Anand managed to sustain it and win the game in a counterattack.} Kg8 $1 15.
O-O Nd7 16. Bg4 Qe7 17. Ne4 Rh7 18. Nd6 Rb8 19. b4 $2 (19. axb5 cxb5 20. Nxb7
Rxb7 21. Rxa6 Rb6 22. Rxb6 (22. Ra8 Rb8 23. Ra7 $44 {Anand}) 22... Nxb6 23. Rf6
$16 {Kramnik, Kasparov} Kh8 (23... Qd8 {Anand} 24. Bxe6+ Kh8 25. Qg4 Bg7 (25...
Be7 {Anand} 26. Rg6 Bg5 27. Rg8+ Qxg8 28. Bxg8 Kxg8 29. h4 $18) 26. Rf7 $18)
24. Bxe6 $1 Bg7 25. Rg6 $16 {Anand}) 19... h5 $1 20. Bh3 Bh6 $1 21. Kh1 Bg5 22.
Qc2 Rg7 23. Qe2 Ba8 $1 24. Qxh5 Rf8 25. Ne4 c5 $1 26. Nxg5 Bd5 $3 $19 {Kramnik,
V-Anand,V/Belgrade 1997}) 11. O-O (11. h4 {happened in Kasparov-Tal game and
was deeply analysed later by Garry Kasparov} Qa5 12. Rc1 g4 13. Nd2 c5 14. Nce4
$1 cxd4 15. O-O h5 $6 (15... Nc6 16. a4 $1 a6 17. Ra1 $1 Qb4 $1 {Kasparov}) 16.
a4 $1 a6 (16... d3 $1) 17. b4 $2 (17. Bxc4 $1 {Kasparov,G} bxc4 18. Nxc4 Qb4
19. f3 $3 {Petrosian,T.V. ...and White is winning, as shown by Garry Kasparov
in his books.}) 17... Qd8 $1 18. Bxc4 bxc4 19. Nxc4 Nc3 $1 20. Nxc3 dxc3 21.
Nd6+ Bxd6 22. exd6 Qf6 $1 23. Qd3 O-O 24. Rxc3 Bd5 $1 $138 {1/2-1/2 Kasparov,
G-Tal,M/Moskva (izt),1982. and in this sharp position the great players agreed
to a draw.}) 11... Nd7 12. Nd2 {White is transfering his N to e4 - this is the
point of the e4-e5 push.} Qb6 13. a4 a6 14. Nde4 O-O-O {I spent a lot of time
on this move,but I liked it more than other options} ({I rejected} 14... c5 {
in view of} 15. Nxd5 Bxd5 16. Nc3 $1 cxd4 17. Nxd5 exd5 18. Bh5 {threatening
e5-e6. As it turned out, this position had happened in 2 games.} (18. axb5 Bg7
19. Bf3 $5) 18... Bg7 (18... Qe6 19. axb5 (19. Bg4 Qb6 20. e6 Nf6 21. Be5 Bg7
22. Bxd4 Qd6 23. Bxf6 Bxf6 24. Qf3 $16 {Gormally,D-Tweedie,C/Edinburgh 2006}))
19. e6 O-O 20. exd7 Rad8 21. axb5 axb5 $16 {Del Rio Angelis,S-Korneev,O/Evora
2007}) ({Shakhriyar's compatriot had won the game quickly after the limp} 14...
Be7 $6 15. Qd2 h5 $2 16. Nxd5 exd5 (16... cxd5 $142 {Lutz}) 17. Nxg5 c5 18.
Rae1 $1 {Radjabov,T-Mastrovasilis,D/Warsaw 2005}) 15. Bh5 {Played instantly as
well} ({Worth considering is} 15. Qd2 c5 16. axb5 axb5 17. Nxd5 Bxd5 18. Nc3
Nb8 19. b3 cxb3 20. dxc5 Bxc5 21. Nxd5 Rxd5 22. Qc3 Rhd8 23. Qxb3 {1/2-1/2
Halkias,S-Motylev,A/Plovdiv BUL 2008 (23)}) 15... Nf4 $1 ({I seriously
considered} 15... c5 {but after} 16. axb5 axb5 17. Nxd5 Bxd5 (17... exd5 18.
dxc5 Nxc5 19. Nxc5 Bxc5 20. Bxf7) 18. Nc3 Bb7 19. d5 {White has serious
compensation for a pawn}) ({I didn't like} 15... Rh7 {and in the blitz
tournament following the main event Shakhriyar won a good game:} 16. axb5 cxb5
17. Nxd5 exd5 18. Nd6+ Bxd6 19. exd6 Nf6 20. Bg4+ Nxg4 21. Qxg4+ Kb8 22. Qf5
Rhh8 23. Rfe1 Ka8 24. Re7 {Mamedyarov,S-Karjakin,S/Moscow blitz 2008}) 16. Bxf7
(16. a5 {it would be nice to insert 16.a5 Qa7, but the queen would move to c7
and White is in trouble} Qc7 (16... Qa7 17. Bxf7 Nxe5 18. Bxe6+ Kb8 19. Bxf4
gxf4 20. dxe5 Rxd1 21. Raxd1 Bg7 22. Nf6 $44) 17. Bxf7 Nxe5 18. Bxe6+ Kb8 $17 {
and the queen sacrifice doesn't work} 19. Bxf4 gxf4 20. dxe5 Rxd1 21. Rfxd1
Qxe5) 16... Nxe5 (16... c5 17. axb5 axb5 18. d5 Nxe5 19. Bxe6+ Kb8 {was weaker
in my opinion}) 17. Bxe6+ Kb8 18. Ne2 {This natural looking move was played
instantly, but I think that it is the source of White's troubles. Till now I
had spent almost 1.5 hours, while my opponent just 15 minutes.} ({I believe
that White had to dare to sacrifice the queen by} 18. Bxf4 $5 gxf4 19. dxe5
Rxd1 20. Rfxd1 b4 (20... Bg7 21. axb5 axb5 22. Nf6 $13) 21. Nf6 Qa5 $13 {
with chances for both sides}) 18... Bg7 {But after my reply it was
Mamedyarov's turn to think.} ({It was also possible to sacrifice an exchange} 
18... Ned3 19. b3 Rxd4 $1 20. Nxd4 Qxd4 21. Bf5 Bb4 {with more than enough
compensation.}) 19. Nxf4 {My opponent had spent 65 minutes for this move and
broke my record, when I thought for 57 minutes on my 20th moves against him in
the 1st Tal memorial! But seriously speaking, it is obvious that Black had
taken the initiative and his position is better. White had to think how to
arrange for counterplay. I think he found the best way.} (19. a5 Qa7 20. Qc2 (
20. Nxf4 gxf4 21. Bxf4 Qxd4) 20... Ned3 21. Nc5 (21. b3 Rxd4 22. Nxd4 Qxd4 $19)
(21. Rad1 Bxd4 $19 (21... Rxd4 22. Nxd4 Qxd4 23. Nc5 $1)) {and Black can
choose beetween} 21... Rxd4 $1 ({and} 21... Nxc5 22. Nxf4 gxf4 23. Bxf4+ Ka8
24. dxc5 Qxc5 25. Rae1 (25. Rad1 Qb4 $15) 25... Qd4 $15) 22. Nd7+ (22. Nxd4
Nxc5 (22... Qxc5)) 22... Rxd7 23. Bxd7 Rf8 $17) (19. Qc2 Ned3 20. Nc5 (20. b3
Bxd4 21. Rab1 c5 $19 {and White's position collapses.}) 20... Bxd4 21. Nd7+
Rxd7 22. Bxd7 Rf8 $17 {it is clear that Black has more than enough
compensation for an exchange - the Nd3 is stronger than any R!}) 19... gxf4 20.
Bxf4 Rxd4 (20... Qxd4 $5 {was also possible. But I didn't have much time and
decided that it was worth while to keep the queens on the board - White's
pieces are poorly coordinated and with queens on the board he'll have more
trouble keeping them together.}) 21. a5 $2 {In was worth keeping an option on
opening the a-file after the forthcoming c6-c5. The text move kills White's
counterplay.} (21. Qe2 $5 Ka8 {/\Nd3} (21... c5 $6 {allows a tactical shot:}
22. Nf6 $1 Rxf4 23. Qxe5+ Ka8 24. Qxf4 Qxe6 {and it's hard to say who is
better.}) 22. Bxe5 Bxe5 23. Nd2 Bg7 {and Black is better.}) ({Better was} 21.
Qg4 $142 Qc7 22. Qe2 Re8 23. Bg4 $1 c5 24. f3 $15 {with a defendable position.}
) 21... Qd8 ({Not so good is} 21... Rxd1 22. axb6 Rxa1 23. Rxa1 Ka8 24. Nc5 Nd3
25. Nxa6 $1 ({or even} 25. Nxd3 cxd3 26. Rd1 $13) 25... Nxf4 26. Nc5+ Kb8 27.
Bg4 $5 {and White is not in any danger of losing.} (27. Nd7+ Kc8 28. Bf5 Rd8
$13)) 22. Qe2 (22. Qg4 Qc7) 22... Re8 ({Simpler was} 22... Ka8 $17 {, but I
completely missed White's reply.}) 23. Rad1 $1 ({I had counted only on} 23. Bf5
Rf8 24. g4 Ka8 $17) 23... Ka8 ({Black is losing after} 23... Rxe6 24. Rxd4 Qxd4
25. Rd1 Qa7 26. Rd8+ Kc7 27. Qg4 Kxd8 28. Qxe6 Qd4 29. Qg8+) 24. Be3 {Being
short of time and after just missing the counterplay I chose the simplest
continuation.} Rxd1 (24... Nd3 $1 25. Bxd4 Bxd4 26. Qg4 (26. Bf5 c5) 26... c5 {
was very strong, when Black's pieces are totally dominating.}) 25. Rxd1 Nd3 26.
Bf5 $2 ({I was more afraid of} 26. Nc5 Qe7 (26... Qf6 27. Bd7 $5 (27. Rxd3 cxd3
28. Qxd3 Rd8 (28... Rxe6 $2 29. Qd7 {I saw it during the game and was looking
for an improvement, while my opponent was thinking about his move.} Qe7 30.
Qxe6 Qxe6 31. Nxe6 Bxb2 32. Bxh6 {and White is not worse.}) 29. Nd7 c5 $19)
27... Rd8 28. b3 $13) (26... Qxa5 $6 27. Qh5) 27. Rxd3 cxd3 28. Qxd3 Bxb2 $1 {
Only this computer suggestion leaves Black with an advantage. Black is
threatening the decisive Bb2-c1!} (28... Bc8 29. Bxc8 Rxc8 30. g3 $13 {with
full compensation} (30. b4 Rd8 31. Qc2 Bd4)) 29. Bg4 (29. Nd7 Qxe6 30. Nb6+ Kb8
31. Bf4+ Ka7 32. Be3 c5) (29. g3 Bc1 30. Bd4 Rd8) 29... Bc1) ({Also more
stubborn was} 26. Qg4 Bd4 27. Qg6 (27. b3 Bxe3 28. fxe3 Qe7 29. Bf5 Ne5 $19)
27... Bxe3 28. fxe3 Qe7 29. Nd6 Rf8 $17) 26... Qd5 {Now Black's pieces are
totally dominating on the board and the rest is simple.} 27. Qg4 (27. Ng3 c5)
27... Bxb2 28. h4 Bd4 (28... Rg8 {was also strong.}) ({I decided not to allow
any counterplay after} 28... c5 $6 29. Nxc5 Rg8 (29... h5 $1) 30. Qe4 ({or} 30.
Nxb7 Rxg4 31. Bxg4) 30... Rxg2+ 31. Kxg2 Qg8+ 32. Kf3) 29. Bg6 Rg8 30. Bxd4
Qxd4 31. Qe6 Qd5 32. Qe7 c5 33. f3 ({Or} 33. Bf7 Qxe4 34. Qxe4 Bxe4 35. Bxg8 c3
36. Bb3 c4 37. Bc2 b4) 33... Qd4+ 34. Kh1 Qg7 ({Avoiding a last trap} 34...
Rxg6 $2 35. Qe8+ Ka7 36. Qxg6 Bxe4 37. Qb6+ $1) 35. Qxg7 Rxg7 36. h5 b4 37. Kg1
Bxe4 {I was very pleased when this game was awarded the prize for the best
game of the Tal Memorial.} (37... Bxe4 38. Bxe4+ Kb8 39. g4 b3 {doesn't leave
White much of a chance.}) 0-1

[Event "URS-ch52 Final + Zonal"]
[Site "Riga"]
[Date "1985.02.15"]
[Round "17"]
[White "Gavrikov, Viktor"]
[Black "Kupreichik, Viktor D"]
[Result "0-1"]
[WhiteElo "2550"]
[BlackElo "2470"]
[Annotator "Glatman,V"]
[PlyCount "83"]
[EventDate "1985.01.23"]
[EventType "tourn"]
[EventRounds "19"]
[EventCountry "URS"]
[EventCategory "11"]
[SourceTitle "URS-ch"]
[Source "ChessBase"]
[SourceDate "1999.07.01"]
[SourceVersion "1"]
[SourceVersionDate "1999.07.01"]
[SourceQuality "1"]

1. d4 d5 2. c4 e6 3. Nf3 Nf6 4. Nc3 c6 5. Bg5 dxc4 6. e4 b5 7. e5 h6 8. Bh4 g5
9. Nxg5 hxg5 10. Bxg5 Be7 11. exf6 Bxf6 12. Bxf6 (12. Be3 $5 Bb7 13. a4 b4 14.
Ne4 c5 15. Nxc5 Bd5 16. Rc1 Rg8 17. Bxc4 Rxg2 18. Qh5 $36 {Nogueiras,J-Rogers,
J/Dubai(ol)/1986/}) 12... Qxf6 13. g3 Na6 14. Bg2 Bb7 15. Ne4 (15. Nxb5 O-O-O
16. Na3 Rxd4 17. Qe2 Nb4 18. O-O Ba6 $132 {Uhlmann,W-Gauglitz,G/Dresden/1985/})
(15. a4 $5 O-O-O 16. axb5 cxb5 17. Bxb7+ Kxb7 18. Nxb5 e5 $5) 15... Qe7 16. O-O
O-O-O 17. a4 Kb8 18. Qd2 Nb4 19. Qf4+ $6 (19. Rfd1 $1 e5 20. Nc5 Nd3 (20... a5
$5) 21. axb5 Nxc5 22. Qa5 Rxd4 23. bxc6 $16 {Paunovic,D-Flear,G/Geneva/1986/})
19... Qc7 20. Qxc7+ Kxc7 21. Ng5 (21. axb5 cxb5 22. Rxa7 Nc6 23. Raa1 Nxd4)
21... Rhf8 (21... Rd7 $5 22. axb5 cxb5 23. Rxa7 Nc6 24. Bxc6 Kxc6 $44) 22. axb5
cxb5 23. Rxa7 Nc6 24. Bxc6 Kxc6 25. Nf3 (25. Rd1 e5) 25... Kb6 26. Rfa1 e5 $5 (
26... f6 $5) (26... Bxf3 $4 27. R1a6#) 27. Nxe5 (27. dxe5 $4 Bxf3) 27... Rxd4
$44 28. h4 Rfd8 $1 29. Nxf7 Rd1+ 30. Kh2 Rxa1 31. Rxa1 Rf8 32. Nd6 Rxf2+ 33.
Kh3 Bg2+ 34. Kg4 Kc5 $1 (34... Rxb2 35. h5 Kc5 36. h6) 35. Nf5 Be4 36. Ne3 Kd4
$1 37. Nd1 $6 (37. Re1 Rxb2 38. h5 c3 $17) 37... Bf3+ 38. Kg5 Rd2 39. Nc3 Rxb2
40. Kf4 Kxc3 41. Kxf3 Rh2 42. Kg4 (42. Kg4 b4 $19) 0-1

[Event "Commonwealth-ch"]
[Site "New Delhi"]
[Date "2015.06.28"]
[Round "7"]
[White "Gupta, Abhijeet"]
[Black "Sengupta, Deep"]
[Result "1-0"]
[WhiteElo "2603"]
[BlackElo "2563"]
[Annotator "Gupta,A"]
[PlyCount "57"]
[EventDate "2015.06.23"]
[EventType "swiss"]
[EventRounds "9"]
[EventCountry "IND"]
[SourceTitle "CBM 167"]
[Source "ChessBase"]
[SourceDate "2015.07.13"]
[SourceVersion "1"]
[SourceVersionDate "2015.07.13"]
[SourceQuality "1"]

{This was played in the 7th round and I was on the perfect score whereas my
opponent was the only one who was trailing me by half a point.} 1. d4 d5 2. c4
e6 3. Nc3 c6 4. Nf3 Nf6 5. Bg5 {This was already a suprise for him as I have
been mainly playing g3 here.} dxc4 {And a counter-surprise :)} 6. e4 b5 7. e5
h6 8. Bh4 g5 9. Bg3 {This move have been gaining some popularity of late but
the main reason for choosing this move was to get my opponent out of theory as
soon as possible.} Nd5 10. Nd2 h5 $6 (10... Bb7 {This is the main move but
almost any move like ...Nd7, ...a6, ...Qb6 is quite playble here.}) 11. h3 Nd7
12. Be2 h4 13. Bh2 {This is the problem with the early h5, now Black doesn't
have his usual counter-play with h5-g4.} Bb7 14. O-O Qb6 (14... Nxc3 15. bxc3
c5 {It's too early to open up the position} 16. a4 a6 17. Bf3 Qc8 18. Ne4 {
[%csl Re8] with a strong initiative.}) 15. Nde4 $6 {This allows a very obvious
resource which somehow both of us missed.} (15. a4 {This was more accurate} a6
(15... Qxd4 16. axb5 Nxe5 17. Bxe5 Qxe5 18. Nxc4 Qf4 19. bxc6 Bxc6 20. Nxd5
Bxd5 21. Qa4+ Ke7 22. Qb4+ {I can't imagine Black surviving this}) 16. Nde4 {
just transposes to the game.}) 15... Be7 $6 (15... c5 16. dxc5 Bxc5 $1 (16...
Nxc5 17. Nxd5 exd5 18. Nf6+ $40) 17. Bf3 Nxc3 18. bxc3 Rd8 19. Nd6+ Bxd6 20.
exd6 Bxf3 21. Qxf3 a5 22. Rad1 $44 {To be honest it still looks scary for
Black but at least my comp supposes that I am holding on.}) 16. a4 a6 17. Bf3
Rg8 18. axb5 cxb5 (18... axb5 19. Rxa8+ Bxa8 20. Nd6+ Bxd6 21. exd6 {With such
a pawn it's difficult to imagine that the game would last long.} Kf8 22. Re1 b4
23. Ne4 $40) 19. Nxd5 Bxd5 20. Nc3 $1 {Typical but still pleasing to the eye.}
(20. Nd6+ Bxd6 21. Bxd5 exd5 22. exd6 O-O-O 23. Qf3 Qc6 24. Rfe1 Rgf8 25. Re7 {
This is no picnic either for Black!}) 20... Qc6 $2 {Probably the only real
mistake of the game.} (20... Bxf3 21. Qxf3 Rc8 22. d5 {One can't really blame
Black for not wanting to go here but this was by far the lesser evil in the
position.} Nc5 23. d6 Bd8 24. Ne4 Kf8 (24... Nxe4 25. Qxe4 c3 26. bxc3 Rxc3 27.
Rfc1 Rxc1+ 28. Rxc1 b4 29. Kh1 Kf8 30. f4 $40) 25. Nxc5 Rxc5 26. Qh5 Rd5 27.
Kh1 Rd2 $1 $132) 21. Nxd5 exd5 22. Bh5 Nf8 23. f4 Ne6 {My opponent obvioulsy
missed my next move but I think already Black's position is close to lost.} (
23... gxf4 24. Rxf4 Ng6 25. Rf5 $18 {[%csl Rf7][%cal Gd1f3,Ga1f1]}) 24. Bxf7+
$1 Kxf7 25. Qh5+ Kg7 26. f5 Nf4 27. Bxf4 gxf4 28. f6+ Bxf6 29. Rxf4 {With mate
in 13 to follow :)} 1-0

[Event "Stuttgart-ch op-A"]
[Site "Ditzingen"]
[Date "2012.05.20"]
[Round "7"]
[White "Ikonnikov, Vyacheslav"]
[Black "Strunski, Andreas"]
[Result "1-0"]
[WhiteElo "2539"]
[BlackElo "2362"]
[Annotator "Gutman,L"]
[PlyCount "55"]
[EventDate "2012.05.17"]
[EventType "swiss"]
[EventRounds "7"]
[EventCountry "GER"]
[SourceTitle "CBM 149"]
[Source "ChessBase"]
[SourceDate "2012.07.17"]
[SourceVersion "1"]
[SourceVersionDate "2012.07.17"]
[SourceQuality "1"]

1. d4 d5 2. Nf3 Nf6 3. c4 c6 4. Nc3 dxc4 5. a4 e6 6. e4 Bb4 7. Bg5 Qa5 8. Bd2
c5 9. Bxc4 ({In Pelletier-Shirov, Biel 2011, folgte} 9. dxc5 Nc6 10. Bxc4 Qxc5
11. Qe2 e5 {wonach Pelletier} 12. h3 O-O 13. O-O Be6 14. Bxe6 fxe6 15. Rac1 Qe7
16. Be3 $14 {angibt.}) 9... cxd4 10. Nxd4 Bd7 $6 {Dieser Zug findet kaum
Nachahmer.} ({Die kritische Folge ist} 10... O-O 11. Nc2 Nc6 (11... Qc7 12. Qe2
Be7 13. e5 Nfd7 14. f4 Nc6 15. O-O $14 {Potkin-Shirov, Khanty-Mansiysk 2011})
12. Qe2 Rd8 13. O-O Nxe4 $5 (13... Ne5 {reicht nicht aus,} 14. Ba2 b6 ({oder} 
14... Rxd2 15. Qxd2 Nxe4 16. Qe3 Bxc3 17. Qxe4 Bxb2 18. Rab1 Bc3 19. Rfd1 $14)
15. Nxb4 Qxb4 16. Rfd1 Bb7 17. Be1 Nxe4 18. Nd5 Qxa4 19. Ne7+ Kh8 20. Bd5 $14 {
Belous-Reshetnikov, Moskau 2012}) 14. Nxe4 ({oder} 14. Nxb4 Nxd2 15. Nxc6 bxc6
16. Rfd1 Nxc4 17. b4 Qb6 18. Rxd8+ Qxd8 19. Qxc4 Bb7 20. a5 $44) 14... Bxd2 15.
Rad1 Bf4 16. b4 Qc7 17. g3 Be5 18. f4 Bd4+ 19. Kg2 a6 20. b5 axb5 21. axb5 Na5
22. Ba2 Bb6 23. Rxd8+ Qxd8 24. f5 Bd7 25. Nd6 Bc6+ 26. bxc6 Qxd6 27. cxb7 Nxb7
28. fxe6 fxe6 29. Qxe6+ Kh8 $11 {mit Ausgleich.}) 11. Qe2 (11. Nc2 $5 Qc7 (
11... Nc6 12. Nxb4 Qxb4 13. Nb5) 12. Qe2 {ist durchaus zu beachten,} Bd6 13. g3
O-O 14. O-O a6 15. f4 e5 16. Ne3 exf4 17. Ncd5 Nxd5 18. Nxd5 Qd8 19. gxf4 $14)
11... Nc6 12. Nc2 O-O 13. O-O Rac8 ({Kaum besser wäre} 13... Ne5 14. Bb5) 14.
Bb5 $5 ({Auch} 14. Nxb4 {kam in Betracht,} Qxb4 ({oder} 14... Nd4 15. Qd3 Qxb4
16. Ba2 Nb3 17. e5 Nxd2 18. Qxd2 Nd5 19. Bxd5 exd5 20. Rfd1 Be6 21. Nb5 Qxd2
22. Rxd2 a6 23. Nd4 $14) 15. b3 Qc5 16. Rfd1 $14) 14... Qc7 $4 {Andreas
übersieht die weiße Drohung.} ({Notwendig war} 14... Bd6 15. f4 e5 16. Nd5 Qd8
17. fxe5 Bxe5 18. Bg5 a6 19. Bxc6 bxc6 20. Nxf6+ gxf6 21. Bh6 Re8 22. Ne3 Be6
23. Kh1 $14) 15. Bxc6 Bxc3 16. Bxd7 Bxd2 17. Bxc8 Qxc2 18. Bxb7 e5 19. Rfd1 Qc7
20. Qxd2 Qxb7 21. f3 h6 22. b4 Qb6+ 23. Kh1 Re8 24. b5 Kh7 25. Rab1 Re6 26. a5
Qb7 27. Qd8 Nh5 28. Rd7 1-0

[Event "Nuremberg LGA Cup 5th"]
[Site "Nuremberg"]
[Date "2008.09.07"]
[Round "6"]
[White "Braun, Arik"]
[Black "Naumann, Alexander"]
[Result "1-0"]
[WhiteElo "2533"]
[BlackElo "2502"]
[Annotator "Gutman,L"]
[PlyCount "81"]
[EventDate "2008.09.04"]
[EventType "swiss"]
[EventRounds "7"]
[EventCountry "GER"]
[SourceTitle "CBM 126 Extra"]
[Source "ChessBase"]
[SourceDate "2008.11.05"]
[SourceVersion "1"]
[SourceVersionDate "2008.11.05"]
[SourceQuality "1"]

1. d4 d5 2. c4 e6 3. Nc3 c6 4. Nf3 Nf6 5. Bg5 dxc4 6. e4 b5 7. e5 h6 8. Bh4 g5
9. Nxg5 hxg5 10. Bxg5 Nbd7 11. exf6 Bb7 12. g3 Qb6 13. Bg2 O-O-O 14. O-O c5 15.
d5 b4 16. Na4 Qa6 17. a3 Bxd5 18. Bxd5 Ne5 19. axb4 Rxd5 20. Qe2 cxb4 21. Rfc1
(21. Nc3 {ist üblich.}) 21... Qc6 $6 ({Richtig war} 21... Qb5 22. Bf4 Bh6 23.
b3 (23. Bxe5 Bxc1 24. Rxc1 Rxe5 25. Qxc4+ Qxc4 26. Rxc4+ Kd7 27. Rxb4 Kc6 28.
Nc3 a5 $15 {kommt Schwarz zugute.}) 23... Bxf4 24. gxf4 Rg8+ 25. Kf1 Qc6 26.
fxe5 Rd1+ 27. Qxd1 Qh1+ 28. Ke2 Qe4+ 29. Kf1 Qh1+ {mit Zugwiederholung.}) 22.
Bf4 Nd3 (22... Rd1+ $2 23. Qxd1 Nf3+ {scheitert an} 24. Qxf3 Qxf3 25. Rxc4+ $18
) 23. Rxc4 Qxc4 24. Rc1 Qxc1+ 25. Bxc1 Kb7 ({Vorzuziehen war} 25... Nxc1 $5 26.
Qc4+ Kb7 27. Qxc1 Rhh5 {, wenn auch nach} 28. b3 Rhf5 29. h4 Rxf6 30. Kg2 Rdf5
31. f4 Rd5 32. Nb2 Rg6 33. Qe3 $14 {Weiß dominiert das Geshehen.}) 26. Be3 Bd6
({Kaum besser wäre} 26... Bh6 {wegen} 27. f4 Rc8 28. b3 Bf8 29. h4 $16 {
gewesen.}) 27. h4 Rg8 28. Kf1 ({Nach Naumann hätte} 28. h5 Nf4 29. Bxf4 Bxf4
30. Qe4 Bd6 31. Qh7 Rf8 32. h6 $18 {die Partie sofort entschieden.}) 28... Rg6
29. h5 Rxf6 30. h6 Nxf2 31. Kg2 Nd1 32. h7 Nxe3+ ({Oder} 32... Rg6 33. Nc5+
Bxc5 34. Bxc5 Rh6 35. Qe4 $18 {und Weiß gewinnt.}) 33. Qxe3 Rh5 34. Qd4 e5 35.
Qd5+ Kc7 36. Qa5+ Kc6 37. Qa6+ Kd5 38. b3 Kd4 39. Nb2 e4 40. Qc4+ Ke3 41. Qc1+
1-0